000 00799nam a2200205 a 4500
001 54510
005 20180714045358.0
008 140415s2009 xxc 000 0 eng d
020 _a9780195428025
041 _aeng
082 _a320.6
_bHOW
100 1 _aHOWLETT, MICHAEL
245 1 0 _aSTUDYING PUBLIC POLICY :
_bPOLICY CYCLES AND POLICY SUBSYSTEMS
250 _a1a ed.
260 _aCANADA :
_bOXFORD UNIVERSITY PRESS,
_c2009
300 _a450
_c15.1 x 1.5 x 22.8
520 _aTHIS THRID EDITION HAS BEEN EXTENSYVELY REVISED WITH UNDERGRADUATE READERS IN MIND. THE LANGUAGE AND TRUCTURE HAVE BEEN STEAMLINED, AND EACH CHAPTER NOW INCLUDES STUDY QUESTIONS AND SUGGESTIONS FOR FURTHER READING.
650 1 4 _aCIENCIAS POLITICAS
700 1 _aRAMESH, M. -PERL, ANTHONY
_ecoaut.
999 _c54510
_d54510